Score 0/28 Timer 03:00
0 Plays Today
Clue 4-Letter Word % Correct
• Quacking creature ••DUCK•
97.9%
Money to a landlordRENT
97.2%
Mailed, like a letterSENT
96.9%
Take a breakREST
96.7%
Dollar, slangilyBUCK
96.6%
• Frigid ••COLD•
96.6%
Oxidation on ironRUST
96.6%
Chair, e.g.SEAT
95.7%
Early evening timeDUSK
95.6%
Pork or beef, e.g.MEAT
95.3%
Dark, like textBOLD
95.3%
Reason to use wood polishDUST
94.8%
Turn ice to waterMELT
94.3%
Raised bedBUNK
94.2%
Clue 4-Letter Word % Correct
Water around a castleMOAT
93.9%
Edge between fabricSEAM
93.3%
Layer of paintCOAT
92.6%
Connection between atomsBOND
92%
Beer-making ingredientMALT
92%
Hit on the headBONK
92%
Place to shopMALL
91.6%
Covering for a coffinPALL
86.5%
Shovel partner at the beachPAIL
86.4%
Informal convoCHAT
86.1%
Home to N'DjamenaCHAD
74.2%
• Fake ••SHAM•
70.8%
Game fishSHAD
65.9%
• Dolor ••PAIN•
54.8%

Today's Daily Dose

Missing Word
The Unexplained

Quick Pick
Sunday Things

Get the Picture
Beat It or Eat It?

You're not logged in!

Compare scores with friends on all Sporcle quizzes.
OR
Log In

Sporcle TV

Today on Sporcle TV


Watch our educational content, quiz creation guides, and fun videos on Sporcle TV.

Show Comments

Extras

Top Quizzes Today


Score Distribution

Paid Content

Your Account Isn't Verified!

In order to create a playlist on Sporcle, you need to verify the email address you used during registration. Go to your Sporcle Settings to finish the process.

Report this User

Report this user for behavior that violates our Community Guidelines.

Details: